Central Library OPAC University of Rajshahi

Taxation and economic development in tropical Africa / (Record no. 43705)

MARC details
000 -LEADER
fixed length control field 00980nam a2200253 a 4500
001 - CONTROL NUMBER
control field 43705
003 - CONTROL NUMBER IDENTIFIER
rucl marc code BD-RjUL
005 - DATE AND TIME OF LATEST TRANSACTION
control field 20211209053735.0
008 - FIXED-LENGTH DATA ELEMENTS--GENERAL INFORMATION
fixed length control field 160626s1963 mauab b 001 0 eng d
035 ## - SYSTEM CONTROL NUMBER
System control number (BD-RjUL)43823
040 ## - CATALOGING SOURCE
Original cataloging agency DLC
Transcribing agency WSU
Modifying agency m.c.
-- SER
-- EQO
Language of cataloging eng
041 ## - LANGUAGE CODE
Language code of text/sound track or separate title eng
082 ## - DEWEY DECIMAL CLASSIFICATION NUMBER
Classification number 336.20967
Author mark and year DUT 1963
100 1# - MAIN ENTRY--PERSONAL NAME
Personal name Due, John F.
Fuller form of name (John Fitzgerald),
Dates associated with a name 1915-2009.
9 (RLIN) 134311
245 10 - TITLE STATEMENT
Title Taxation and economic development in tropical Africa /
Statement of responsibility, etc. John F. Due
260 ## - PUBLICATION, DISTRIBUTION, ETC. (IMPRINT)
Place of publication, distribution, etc. Cambridge, Mass :
Name of publisher, distributor, etc. MIT Press,
Date of publication, distribution, etc. 1963
300 ## - PHYSICAL DESCRIPTION
Pagination 172 p. :
Illustrations ill. ;
Size 25 cm
500 ## - GENERAL NOTE
General note "Based on a series of lectures given ... during the week of December 3-7, 1962, at Cambridge, under the auspices of the Harvard Law School International Program in Taxation and the M.I.T. School of Industrial Management."
504 ## - BIBLIOGRAPHY, ETC. NOTE
Bibliography, etc Includes bibliographical references
Bibliography, etc Includes index
650 #0 - SUBJECT ADDED ENTRY--TOPICAL TERM
Topical term or geographic name as entry element Taxation
Geographic subdivision Africa, Sub-Saharan
9 (RLIN) 134312
942 ## - ADDED ENTRY ELEMENTS (KOHA)
Source of classification or shelving scheme Dewey Decimal Classification
Koha item type Books
Holdings
Lost status Source of classification or shelving scheme Damaged status Not for loan Collection code Permanent Location Current Location Shelving location Date acquired Source of acquisition Cost, normal purchase price Total Checkouts Full call number Date last seen Copy number Koha item type
  Dewey Decimal Classification     Non-fiction Central Library, University of Rajshahi Central Library, University of Rajshahi   29/04/1989 Book centre 37.50   336.20967 DUT 1963 26/06/2016 C-2 Books